Les joueurs du PSG en Ligue des Champions 2020/21. - Statistiques

Statistiques générales
  • Ce quiz a été pris 15 fois
  • Le résultat moyen est 18 sur 23
Statistiques - réponses
Pays Ages Joueurs Minutes G+A Notes % Correct
Costa Rica 33 Keylor Navas 1080 0 7.37
100%
Italie 27 Marco Verratti 502 2 7.20
100%
Brésil 26 Marquinhos 817 3 7.33
100%
France 24 Presnel Kimpembe 980 0 6.64
100%
Portugal 28 Danilo Pereira 784 0 6.91
93%
Sénégal 30 Idrissa Gueye 490 0 6.66
93%
France 21 Kylian Mbappé 900 11 7.62
93%
Brésil 28 Neymar 746 10 7.46
93%
Argentine 32 Angel Di Maria 697 6 7.04
86%
Italie 20 Moise Kean 443 4 6.84
86%
Sénégal 24 Abdou Diallo 512 1 6.76
79%
Italie 29 Alessandro Florenzi 814 0 6.74
79%
Allemagne 26 Julian Draxler 267 1 6.68
79%
France 27 Layvin Kurzawa 381 0 6.84
71%
Argentine 26 Leandro Paredes 673 1 6.99
71%
Argentine 27 Mauro Icardi 242 1 6.97
71%
Espagne 28 Pablo Sarabia 144 0 6.57
71%
Allemagne 23 Thilo Kehrer 75 0 6.50
71%
Pays-Bas 20 Mitchel Bakker 404 0 6.42
64%
Espagne 30 Ander Herrera 540 0 6.90
57%
France 21 Colin Dagba 220 0 6.42
57%
Brésil 27 Rafinha 124 1 6.76
43%
France 17 Timothée Pembélé 10 0 6.20
21%
Aucun quiz correspondant
Distribution des résultats
% des personnes avec chaque résultat
Percentile par nombre de réponses
Votre historique - résultats
Vous n’avez pas pris ce quiz